[Event "HUN-chT2 Toth 1819"]
[Site "Hungary"]
[Date "2018.12.02"]
[Round "5.12"]
[White "Farkas, Boldizsar"]
[Black "Bacsi, Kristof1111"]
[Result "0-1"]
[WhiteElo "1633"]
[BlackElo "1661"]
[PlyCount "78"]
[EventDate "2018.09.23"]
[EventType "team-tourn"]
[EventRounds "11"]
[EventCountry "HUN"]
[SourceTitle "EXT 2021"]
[Source "ChessBase"]
[SourceDate "2020.10.23"]
[SourceVersion "1"]
[SourceVersionDate "2020.10.23"]
[SourceQuality "1"]
[WhiteTeam "Szeged Meritum"]
[BlackTeam "Oroshaza"]
[WhiteTeamCountry "HUN"]
[BlackTeamCountry "HUN"]

1. d4 d5 2. Nf3 Nf6 3. Bf4 e6 4. e3 Be7 5. Bd3 0-0 6. h3 c5 7. c3 Nc6 8. Nbd2 c4 9. Bc2 b5 10. 0-0 a5 11. Ne5 Bb7 12. g4 Nd7 13. Ndf3 Ndxe5 14. Nxe5 Nxe5 15. dxe5 b4 16. Kh2 f6 17. exf6 Bxf6 18. g5 Bxg5 19. Qg4 Bxf4+ 20. exf4 Qf6 21. Rae1 Qxf4+ 22. Kg1 Qxg4+ 23. hxg4 Rae8 24. f4 Ba6 25. Ba4 Re7 26. f5 e5 27. Rf2 Bb7 28. Bd1 h6 29. Rg2 Bc6 30. Kh2 Rfe8 31. Rge2 Kf8 32. Kg3 d4 33. cxd4 exd4 34. Rxe7 Rxe7 35. Rxe7 Kxe7 36. Kf4 Kf6 37. b3 c3 38. Bc2 Bb5 39. Ke4 d3 0-1

[Event "HUN-chT2 Toth 1819"]
[Site "Hungary"]
[Date "2018.09.23"]
[Round "1.2"]
[White "Farkas, Boldizsar"]
[Black "Kovacs, Gergo Norbert"]
[Result "1-0"]
[WhiteElo "1633"]
[BlackElo "1557"]
[PlyCount "53"]
[EventDate "2018.09.23"]
[EventType "team-tourn"]
[EventRounds "11"]
[EventCountry "HUN"]
[SourceTitle "EXT 2021"]
[Source "ChessBase"]
[SourceDate "2020.10.23"]
[SourceVersion "1"]
[SourceVersionDate "2020.10.23"]
[SourceQuality "1"]
[WhiteTeam "Szeged Meritum"]
[BlackTeam "Bekes"]
[WhiteTeamCountry "HUN"]
[BlackTeamCountry "HUN"]

1. d4 d5 2. Nf3 Nf6 3. Bf4 Bf5 4. e3 Nbd7 5. Bd3 Be4 6. Nbd2 Bxd3 7. cxd3 e6 8. 0-0 Be7 9. h3 0-0 10. Ne5 Nxe5 11. Bxe5 Bd6 12. f4 c5 13. dxc5 Bxc5 14. d4 Bb4 15. Bxf6 Qxf6 16. Nf3 Bd6 17. Qd3 Qe7 18. g4 f5 19. Kf2 h6 20. gxf5 exf5 21. Rg1 Rac8 22. Qb3 Qe4 23. Rac1 Rxc1 24. Rxc1 Rf7 25. Rc8+ Kh7 26. Qd1 Re7 27. Ng5+ 1-0

[Event "HUN-chT2 Toth 1718"]
[Site "Hungary"]
[Date "2017.11.26"]
[Round "4.11"]
[White "Hideg, Ferenc Bendeguz"]
[Black "Farkas, Boldizsar"]
[Result "1/2-1/2"]
[WhiteElo "1704"]
[BlackElo "1656"]
[PlyCount "34"]
[EventDate "2017.09.24"]
[EventType "team-tourn"]
[EventRounds "11"]
[EventCountry "HUN"]
[SourceTitle "EXT 2021"]
[Source "ChessBase"]
[SourceDate "2020.10.23"]
[SourceVersion "1"]
[SourceVersionDate "2020.10.23"]
[SourceQuality "1"]
[WhiteTeam "Felegyhaza Csongrad"]
[BlackTeam "Szeged Meritum"]
[WhiteTeamCountry "HUN"]
[BlackTeamCountry "HUN"]

1. d4 b5 2. Nf3 Bb7 3. e3 a6 4. c4 b4 5. Be2 e6 6. 0-0 Nf6 7. b3 c5 8. Bb2 Be7 9. Nbd2 0-0 10. Rc1 d6 11. Qc2 Nbd7 12. Rfd1 Qc7 13. Bd3 d5 14. cxd5 exd5 15. dxc5 Qxc5 16. Qxc5 Nxc5 17. Be2 Rac8 1/2-1/2

[Event "HUN-chT2 Toth 1617"]
[Site "Hungary"]
[Date "2017.01.29"]
[Round "7.11"]
[White "Hideg, Ferenc Bendeguz"]
[Black "Farkas, Boldizsar"]
[Result "1-0"]
[WhiteElo "1532"]
[BlackElo "1452"]
[PlyCount "119"]
[EventDate "2016.09.25"]
[EventType "team-tourn"]
[EventRounds "11"]
[EventCountry "HUN"]
[SourceTitle "EXT 2021"]
[Source "ChessBase"]
[SourceDate "2020.10.23"]
[SourceVersion "1"]
[SourceVersionDate "2020.10.23"]
[SourceQuality "1"]
[WhiteTeam "Felegyhaza Csongrad"]
[BlackTeam "Szeged Meritum"]
[WhiteTeamCountry "HUN"]
[BlackTeamCountry "HUN"]

1. d4 e6 2. Nf3 b6 3. Bf4 Bb7 4. e3 Nf6 5. h3 c5 6. c3 d6 7. Be2 Be7 8. 0-0 0-0 9. Nbd2 Nbd7 10. Qc2 Qc7 11. Rfd1 e5 12. dxe5 dxe5 13. Bh2 Nd5 14. Nc4 Bf6 15. Qd2 Rad8 16. Bd3 Rfe8 17. Be4 Nxc3 18. Qxc3 Bxe4 19. Nfxe5 Nxe5 20. Rxd8 Rxd8 21. Bxe5 Bxe5 22. Nxe5 Re8 23. Ng4 h5 24. Nh2 Rd8 25. f3 Bc6 26. Rc1 Qe7 27. Nf1 Qg5 28. Kf2 h4 29. Rc2 Re8 30. Rd2 Bb5 31. Rd1 Qf5 32. Qb3 c4 33. Qc3 Ba6 34. Rd4 b5 35. Rg4 f6 36. Rf4 Qc5 37. Rxh4 b4 38. Qd4 Qxd4 39. Rxd4 c3 40. bxc3 bxc3 41. Rd1 c2 42. Rc1 Bd3 43. Nd2 Rb8 44. e4 Rb1 45. Nb3 Bc4 46. Rxc2 Bxb3 47. axb3 Rxb3 48. Ra2 Rb7 49. Ke3 Kf7 50. g4 Ke7 51. h4 Kd6 52. g5 fxg5 53. hxg5 Rb3+ 54. Kf4 Rb7 55. e5+ Ke6 56. Ra6+ Rb6 57. Rxb6+ axb6 58. Ke4 b5 59. f4 b4 60. Kd4 1-0

[Event "HUN-chT Csongrad Region"]
[Site "Hungary"]
[Date "2016.04.24"]
[Round "9.5"]
[White "Hajnal, Bence"]
[Black "Farkas, Boldizsar"]
[Result "1/2-1/2"]
[WhiteElo "1754"]
[BlackElo "1468"]
[PlyCount "68"]
[EventDate "2015.09.20"]
[EventType "team-tourn"]
[EventRounds "9"]
[EventCountry "HUN"]
[SourceTitle "EXT 2017"]
[Source "ChessBase"]
[SourceDate "2016.10.25"]
[SourceVersion "1"]
[SourceVersionDate "2016.10.25"]
[SourceQuality "1"]

1. h3 e6 2. b3 d5 3. g3 c5 4. e3 b6 5. d3 Nf6 6. Bg2 Bb7 7. Bb2 Be7 8. Nd2 Qc7 9. Ne2 Nbd7 10. a3 h6 11. 0-0 0-0 12. g4 Ne5 13. f4 Nexg4 14. hxg4 Nxg4 15. Rf3 c4 16. bxc4 dxc4 17. Rg3 h5 18. Nxc4 Bh4 19. Rxg4 hxg4 20. e4 g5 21. Be5 Qc5+ 22. Kh1 Qc6 23. Nd4 Qd7 24. fxg5 f6 25. Bxf6 Bf2 26. Qxg4 Bxd4 27. Bxd4 Qxd4 28. Qxe6+ Kh8 29. Ne5 Qxa1+ 30. Kh2 Rae8 31. Qh6+ Kg8 32. Qg6+ Kh8 33. Qh6+ Kg8 34. Qg6+ Kh8 1/2-1/2

[Event "HUN-chT Csongrad Region"]
[Site "Hungary"]
[Date "2015.11.15"]
[Round "4.4"]
[White "Papp, Zoltan"]
[Black "Farkas, Boldizsar"]
[Result "1-0"]
[WhiteElo "1848"]
[BlackElo "1468"]
[PlyCount "95"]
[EventDate "2015.09.20"]
[EventType "team-tourn"]
[EventRounds "9"]
[EventCountry "HUN"]
[SourceTitle "EXT 2017"]
[Source "ChessBase"]
[SourceDate "2016.10.25"]
[SourceVersion "1"]
[SourceVersionDate "2016.10.25"]
[SourceQuality "1"]

1. d4 c5 2. e3 cxd4 3. exd4 e6 4. f4 Nf6 5. Nf3 d5 6. Bd3 Bd6 7. 0-0 0-0 8. Be3 Nc6 9. c3 b6 10. Nbd2 a5 11. Qe2 Bb7 12. Ne5 Qc8 13. Bf2 Re8 14. Bh4 Be7 15. Rae1 Nd7 16. Bxe7 Nxe7 17. Ndf3 Nf6 18. h3 Ba6 19. g4 Bxd3 20. Qxd3 Qa6 21. Qe3 Qb5 22. Rf2 a4 23. a3 Ne4 24. Rg2 Nc8 25. h4 Ncd6 26. h5 f6 27. Nd3 h6 28. g5 Nf5 29. Qe2 Nfg3 30. Qd1 f5 31. gxh6 gxh6 32. Nfe5 Kh7 33. Re3 Rg8 34. Ng6 Qb3 35. Qxb3 axb3 36. Rexg3 Nxg3 37. Rxg3 b5 38. Kf2 Rg7 39. Nc5 Re8 40. Nxb3 b4 41. cxb4 Rc8 42. Nc5 Rgc7 43. Re3 Re8 44. b5 Rb8 45. a4 Rb6 46. Nf8+ Kg8 47. Nfxe6 Rc8 48. Rg3+ 1-0